000 03305nam a22002657a 4500
001 216218809
003 UA-OsUOA
005 20210101172921.0
008 200715b un ||||| m||| 00| 0 ukr d
040 _aUA-OsUOA
_bukr
_cUA-OsUOA
_dUA-OsUOA
041 _aukr
080 _a904:7(1=477.82+438,41)„18/19”
090 _a904:7(1=477.82+438,41)„18/19”
095 _a07.00.01
_bісторія України
100 _aКоробчук І. М.
245 _aКультурна спадщина та історія Правобережної України у наукових студіях Ореста Левицького
_cКоробчук Ірина Миколаївна ; наук. керівник Гаврилюк Світлана Віталіївна
260 _aЛуцьк
_c2009
300 _a20 с.
502 _6Автореферат дисертації на здобуття наукового ступеня кандидата історичних наук
_cВолинський національний університет імені Лесі Українки
_d2009
520 _aУ дисертації подано результати дослідження наукової діяльності Ореста Левицького (1848–1922) щодо вивчення та збереження культурної спадщини Київщини, Волині й Поділля, висвітлення на її підставі сторінок середньовічної історії цих регіонів. Аналізується робота вченого з пошуку писемних пам’яток у складі Київської археографічної комісії. На значному джерельному матеріалі, частина якого вперше введена до наукового обігу, простежується його роль у дослідженні археологічних, архітектурних й інших старожитностей Правобережної України як члена загальноросійських та регіональних науково громадських осередків. Охарактеризовано праці вченого, що містять опис пам’яток старовини й торкаються питання їх збереження. З’ясовано тематичну спрямованість наукових студій О. Левицького про середньовічну історію Правобережжя, підготовлених із залученням історичних реліквій регіону. Підкреслено значення пам’яткознавчої спадщини вченого для сучасної історичної науки та діяльності з вивчення й збереження пам’яток старовини.
650 _2UDC
_a904 Археологічні пам’ятки історичних часів
942 _2udc
_cAR
955 _a1
999 _c460729
_d460729